Nové bytové domy v Dúbravke

Bibliographic Details
Main Author: Klein, Daniel, 1954- (Author)
Format: Article
Language:Slovak
PhysicalDescription:Fotogr. 2, obr. 2
Subjects:

MARC

LEADER 00000nab a2200000 a 4500
001 vtls000635898
003 SK-MaSNL
005 20260303140653.0
008 160401c1997 xo 0 slo
015 |a SNBRB19rr/mm-uuuuu 
035 |a CL0636037 
040 |a SNKBUCL  |b slo  |c SNKBUCL  |e AACR2 
041 0 |a slo 
044 |a xo  |c SK 
080 |a 69(437.6):728.22  |2 1981 
080 |a 728.22  |2 1981 
100 1 |a Klein, Daniel,  |d 1954-  |4 aut  |9 222126 
245 1 0 |a Nové bytové domy v Dúbravke  |c Daniel Klein 
300 |b Fotogr. 2, obr. 2 
650 0 7 |a domy bytové  |2 snkbucl  |9 868897 
651 7 |a 5100  |2 snkbucl  |9 166206 
655 7 |a články z novín a časopisov  |2 snkbucl  |9 267496 
773 0 |t Staviteľstvo  |g Roč. 2, č. 9 (1997), s. 16-17 
850 |a Slovenská národná knižnica v Martine  |a MTA001 
852 |a SNK  |b KIS3GCP 
958 |a SK 
958 |a RK 
958 |a RBX 
999 |c 1972721  |d 1974651